000 00522nam a2200205Ia 4500
003 OSt
005 20220926044653.0
006 a|||||r|||| 00| 0
007 ta
008 220923b |||||||| |||| 00| 0 eng d
037 _cGeneral Book
040 _aRTL
_cRTL
_beng
041 _2eng
_aeng
082 _aX9.73.N6, K2
100 _aCooke Donald E
_9349316
245 0 _aMarvels of American industry
260 _c1962
942 _hX9.73.N6, K2
_cGB
_2CC
999 _c675508
_d675508